Statystyki dla Jan Kochanowski

Kliknij tutaj aby rozwiązać quiz!

Ogólne statystyki

  • Ten quiz został rozwiązany 157 razy
    (117 od ostatniego zresetowania)
  • Średni wynik to 6 z 18

Statystyki odpowiedzi

HintOdpowiedź% Poprawnych
Jak nazywała się córka KochanowskiegoUrszula
96%
Jak nazywa się zbiór 19 wierszy o zmarłej córceTreny
92%
W jakiej epoce tworzył Jan KochanowskiRenesans
88%
Utwór satyryczny, liryczny o charakterze żartobliwym z morałemFraszka
71%
"Gościu, siądź pod mym liściem, a odpoczni sobie!" To cytat z?Na lipę
48%
"Szlachetne zdrowie, Nikt się nie dowie, Jako smakujesz, Aż się zepsujesz." To cytat z?Na zdrowie
46%
Czego chcesz od nas, Panie... To?Hymn
26%
"W życiu bardzo ważne jest unikanie przykrości i szukanie powodów do radości." Jaka to postawa?Epikureizm
17%
„Jestem człowiekiem i nic, co ludzkie nie jest mi obce”; istota filozofii, człowiek w centrum rozważań. Jaka to postawa?Humanizm
17%
"Jakoby też rok bez wiosny mieć chcieli, Którzy chcą, żeby młodzi nie szaleli." To cytat z?Na młodość
15%
"W życiu najważniejszy jest umiar i nieuleganie nadmiernym wzruszeniom." Jaka to postawa?Stoicyzm
15%
Na dworze jakiego króla Jan pracował jako sekretarz?Zygmunt August
15%
"Biedna starości! wszyscy cię żądamy, A kiedy przyjdziesz, to zaś narzekamy." To cytat z?Na starość
13%
"Jeśli nie grzeszysz, jako mi powiadasz, Czego się miła! tak często spowiadasz?" To cytat z?Na nabożną
8%
Idea złotego środka to?Horacjonizm
2%
"Próżno uciec, próżno się przed miłością schronić, Bo jako lotny nie ma pieszego dogonić?" To cytat z?O miłości
2%
Pierwsza fraszka napisana przez Kochanowskiego to?Do gościa
1%
"Ziemię pomierzył i głębokie morze, Wie, jako wstają i zachodzą zorze, Wiatrom rozumie, praktykuje komu — A sam nie widzi, że ma kurwę w domu." To cytat z?Na matematyka
1%

Rozkład punktacji

Percentyl według liczby udzielonych odpowiedzi

Procent ludzi z każdym wynikiem

Twoja historia wyników

Nie rozwiązałeś tego quizu od ostatniego zresetowania